[Event "Wch U20"]
[Site "Yerevan"]
[Date "2007.10.09"]
[Round "7"]
[White "Stellwagen, Daniel"]
[Black "Meier, Georg"]
[Result "1/2-1/2"]
[WhiteElo "2639"]
[BlackElo "2558"]
[Annotator "Meier,Georg"]
[PlyCount "72"]
[EventDate "2007.10.03"]
[EventType "swiss"]
[EventRounds "13"]
[EventCountry "ARM"]
[SourceTitle "CBM 121"]
[Source "ChessBase"]
[SourceDate "2007.11.14"]
[SourceVersion "1"]
[SourceVersionDate "2007.11.14"]
[SourceQuality "1"]

{Dies war erst meine zweite Partie gg Daniel. Umso verblüffender, wie sie sich
vom Verlauf her ähnelten: Er wählte beide Male seltene und unerwartete
Varianten gegen mein Rubinstein-Französisch. Beide Male hatte ich allerdings
eine neue Idee parat und glich aus. Danach überspannt er den Bogen, gibt mir
großen Vorteil und sobald ich technische Fehler begehe, wird er sehr zäh in
der Verteidigung und rettet den halben Punkt. Außerdem spielten wir beide
Partien in der 7. Runde der U20 WMs in Yerevan!! Offenbar haben wir beide im
letzten Jahr nichts dazu gelernt...;-)} 1. e4 e6 2. d4 d5 3. Nc3 dxe4 4. Nxe4
Nd7 5. Nf3 Ngf6 6. Nxf6+ Nxf6 7. Be3 (7. g3 b6 8. Bg2 Bb7 9. O-O Be7 10. Qe2
O-O 11. Rd1 Qc8 12. c4 Re8 13. Bh3 Nd7 $146 14. Be3 Bd6 15. d5 exd5 16. cxd5
Qd8 17. Qb5 Nf6 18. Rac1 Qe7 19. Bg2 Rad8 20. Qc4 Qd7 21. Nd4 Be5 22. d6 c5 23.
Bxb7 Qxb7 24. Nf5 Qf3 25. Nh4 Qe4 (25... Qh5 $17) 26. b4 Qxc4 27. Rxc4 cxb4 28.
Rxb4 Rxd6 29. Rxd6 Bxd6 30. Ra4 Bb8 31. Nf5 Nd5 32. Rd4 Nxe3 33. Nxe3 g6 34.
Rd7 Kg7 35. Rb7 Rd8 36. Kg2 h5 37. h3 Kf6 {1/2-1/2 Stellwagen,D (2576)-Meier,G
(2484)/Yerevan ARM 2006}) 7... Nd5 8. Bd2 c5 9. dxc5 Bxc5 10. Bd3 Qc7 $1 (10...
O-O 11. Qe2 Nb4 12. Bxb4 Bxb4+ 13. c3 Be7 14. O-O-O Qa5 15. Kb1 Bf6 16. h4 Rd8
17. Ng5 g6 18. Qf3 Bxg5 19. hxg5 Qxg5 20. Rxh7 Rd7 21. Rdh1 Kf8 22. Rh8+ Ke7
23. R1h7 Kd6 24. Rxf7 Rxf7 25. Qxf7 e5 26. Rh7 {1-0 Fressinet,L (2626)-Vaisser,
A (2568)/Besancon BRA 2006/The Week in Chess 617}) 11. Qe2 Bd7 $1 $146 {
Schön, wenn man eine Neuerung gleich 2 mal in 10 Tagen anbringen kann! So
hatte ich bei der direkt nach meiner Rückreise anstehenden BL-Runde keine Mühe.
..} (11... O-O) 12. O-O-O {Nach rechts oder links... Es spielt keine Rolle,
Schwarz gleicht leicht aus.} (12. O-O Nf4 13. Bxf4 Qxf4 14. g3 Qc7 15. Ne5 Bc6
16. Nxc6 bxc6 17. Be4 Be7 18. Qc4 Rc8 19. Rad1 O-O 20. Rd3 Rfd8 $11 {1/2-1/2
Guliyev,N (2560)-Meier,G (2558)/Hamburg GER 2007/The Week in Chess 676 (44)})
12... Nf4 13. Bxf4 Qxf4+ 14. Rd2 O-O-O 15. Be4 Kb8 $1 {Hier musste ich die
Pointe im 20. Zug vorraussehen. Dass dieser logische Zug so schön funktioniert,
gab mir endgültig Vertrauen in meine Stellung.} 16. g3 Qc7 17. Rhd1 Bc8 {
Daniel kann dem Bauernraub nicht wiederstehen. Er hätte hier schon auf
Ausgleichssicherung umschalten müssen.} 18. Rxd8 $6 (18. Nd4) 18... Rxd8 19.
Rxd8 Qxd8 20. Bxh7 f6 $1 {Wegen der Drohung Qb6 muss Weiss nun auf f2 oder h2
den Bauern zurückgeben.} 21. Ne1 ({Der Computer findet} 21. c3 Qb6 22. Nd2 Bxf2
23. Nc4 Qc7 24. Qxf2 Qxc4 25. Qf4+ {das reicht aber nicht ganz zum Ausgleich.}
Qc7 $1 $15) 21... Qh8 22. Be4 (22. Nd3 $5 Bxf2 23. Qxf2 Qxh7) 22... Qxh2 23.
Nd3 Bb6 $15 24. b4 $2 {Schwächt die schwarzen Felder und den a-Bauern. Daniel
sagte, er hat Bd4 übersehen... merkwürdig.} Bd4 25. Kd2 f5 26. Bf3 Qh6+ 27. Kd1
Bc3 (27... Qf6 28. g4 g6 29. Qd2 $1 (29. gxf5 gxf5 30. Qd2 Bc3 31. Qe3 e5 $19)
29... Bc3 30. Qh6) (27... g5 28. g4) 28. a3 Qf6 29. g4 g6 30. gxf5 gxf5 31. Qe3
{Die Stellung bietet Schwarz vorzügliche Gewinnchancen, aber ich schaffte es,
e5 im einzig falschen Moment zu spielen.} Bd4 $6 (31... e5 32. Bd5 Qa6 $17) 32.
Qd2 Qg7 33. Ke2 e5 $4 (33... Bc3 34. Qe3 e5 35. Bd5 e4 $17 36. Nf4 (36. Nc5 b6
$19) 36... Be5) 34. c3 {Wenn der Läufer seine dominierende Stellung verlassen
muss, hat Weiß das Gröbste überstanden. Mein bester Tag war das sicher nicht.}
Bb6 35. Bd5 Qe7 36. f3 Qg7 ({Der Computer will} 36... f4 {sehen, aber hier ist
schon nichts mehr zu holen.} 37. Kd1 Be3 38. Qa2 Bf5 39. Qc4 Qh7 40. Kc2 Qc7
41. Qxc7+ Kxc7 42. Be4 $11) 1/2-1/2

[Event "Wch U20"]
[Site "Yerevan"]
[Date "2007.10.06"]
[Round "4"]
[White "Kaplan, Sasha"]
[Black "Meier, Georg"]
[Result "0-1"]
[WhiteElo "2466"]
[BlackElo "2558"]
[Annotator "Meier,Georg"]
[PlyCount "96"]
[EventDate "2007.10.03"]
[EventType "swiss"]
[EventRounds "13"]
[EventCountry "ARM"]
[SourceTitle "CBM 121"]
[Source "ChessBase"]
[SourceDate "2007.11.14"]
[SourceVersion "1"]
[SourceVersionDate "2007.11.14"]
[SourceQuality "1"]

1. e4 e6 2. d4 d5 3. Nd2 dxe4 4. Nxe4 Nd7 5. Nf3 Ngf6 6. Nxf6+ Nxf6 7. c3 c5 8.
Ne5 a6 9. Qa4+ Nd7 $5 (9... Bd7 10. Nxd7 Qxd7 11. Qxd7+ Kxd7 {gibt Weiß ein
kleines Plus ohne Risiko. Etwas aus dem Läuferpaar zu machen, ist hier jedoch
eine anspruchsvolle Aufgabe.} 12. dxc5 Bxc5 13. Be2 Rhd8 14. a4 a5 15. Bf4 Ke7
16. Bf3 Rd7 17. O-O Rad8 18. Rfe1 h6 19. h4 Nd5 20. Bg3 Bd6 21. Bxd6+ {1/2-1/2
Kasimdzhanov,R (2704)-Dorfman,J (2602)/Germany 2002/EXT 2003}) 10. dxc5 Bxc5
11. Bf4 Ra7 $146 {Eine unangenehme Überraschung für meinen Gegner. Er
verbrauchte für seine nächsten Züge über eine Stunde und stets kam die Antwort
a Tempo. Psychologisch schon so etwas wie eine Vorentscheidung. Der logische
Turmzug ermöglicht b7-b5 und löst damit das Entwicklungsproblem des Bc8.} (
11... O-O 12. O-O-O Nb6 13. Qa5 $14 {1/2-1/2 Cheparinov,I (2550)-Perez,R (2458)
/Coria del Rio 2004/CBM 098 ext (27)}) 12. Rd1 (12. O-O-O $5) 12... b5 13. Qe4
Bb7 14. Qe2 Ba8 15. Qg4 Qf6 16. Nd3 h5 $1 {Schwarz hat komfortabel
ausgeglichen und strebt bereits nach der Initiative.} 17. Qh3 $6 {Ein
schlechtes Feld für die Dame.} (17. Qg3 h4 18. Qg4 Bb6 (18... Be7 19. h3 O-O
20. Be2 Rc8 21. Be3 Rac7 22. O-O $11) (18... h3 $6 19. Bg5 Qf5 20. Qxf5 exf5
21. Nxc5 hxg2 22. Bxg2 Bxg2 23. Rg1 Rxh2 24. Ke2) 19. h3 e5 (19... O-O 20. Bg5
Qf5 21. Qxf5 exf5 22. Bxh4) 20. Bg5 Qe6 $5 (20... Qc6 21. Nb4 Qe4+ 22. Qxe4
Bxe4 23. f3 Rh5 24. fxe4 Rxg5 25. Rd6 $132)) 17... Bxf2+ $1 18. Kxf2 g5 {
Schwarz hat zwar die bessere Bauernstruktur, allerdings fehlt ein sicherer
Platz für den König und die Entwcklung ist auch noch nicht beendet, so dass
Schwarz noch um seinen Vorteil kämpfen muss.} 19. Qg3 $2 {Der Damentausch
spielt Schwarz in die Hände.} (19. Be2 gxf4 20. Bf3 b4 $1 21. Bxa8 Rxa8 22.
Nxb4 Ne5 23. Rhe1 Kf8 $15) (19. Qe3 Rc7 20. Rg1 (20. Be2 $2 e5)) 19... gxf4 $15
20. Qxf4 Rg8 (20... Nc5 $5 21. Qxf6 Ne4+ 22. Ke1 Nxf6 $15) 21. Rg1 Rg5 22. Qxf6
Nxf6 23. Be2 h4 (23... Rf5+) 24. h3 $2 {[%csl Rg2,Gg3,Rh3] Ein grober
strategischer Fehler. Weiß gibt jegliche Besitzansprüche am Königsflügel ab
und macht seine Bauern zur Zielscheibe. Die schwarze Stellung ist technisch
fast schon gewonnen.} (24. Bf3 Ng4+ 25. Bxg4 Rxg4 $15) 24... Ne4+ 25. Ke1 Ke7 {
Gegen Bf3 gerichtet und in der Annahme, dass Weiß keine Züge mehr hat, aber
das ist natürlich falsch. Ich komme zwar vom rechten Weg ab, aber Kaplan war
angesichts seiner beginnenden Zeitnot nicht mehr in der Lage Widerstand zu
leisten.} (25... Rd7 $142 26. Nf4 Rxd1+ 27. Bxd1 (27. Kxd1 Ke7 28. Ke1 e5 29.
Nd3 Kd6 $19) 27... Nc5 $17) 26. Nb4 (26. Bf3 $2 Nxc3) 26... Re5 27. Nd3 Rg5 28.
Nb4 a5 (28... f5) 29. Nd3 $2 $138 {Es rächte sich die bereits in der Eröffnung
vergeblich verbratene Stunde.} (29. Nc2) 29... e5 (29... Rd7 $142) 30. Nf2 b4
31. Nxe4 (31. c4 $142) 31... Bxe4 32. Kf2 bxc3 33. bxc3 Rc7 34. c4 Rg3 35. Rd2
Rc6 36. Bf1 Rf6+ 37. Ke1 Rb6 {Weiß könnte hier genauso gut aufgeben, er ist
völlig paralysiert} 38. Kf2 Rb1 39. Re2 {[%csl Rf1,Rg1] Dank 24.h3 ist der
weiße Königsflügel in den Startlöchern stecken geblieben...} f5 40. Rd2 a4 41.
c5 a3 42. Bc4 Rb2 43. Re2 Kd7 44. Ba6 Kc6 45. Bc4 Kxc5 46. Ba6 Kb4 47. Kf1 Ka5
48. Bc4 Rc3 0-1

[Event "Metz op 31th"]
[Site "Metz"]
[Date "2013.04.23"]
[Round "5"]
[White "Philippe, Christophe"]
[Black "Degraeve, Jean Marc"]
[Result "1/2-1/2"]
[WhiteElo "2384"]
[BlackElo "2567"]
[Annotator "Metz Alekhine/Primel,D"]
[PlyCount "102"]
[EventDate "2013.04.20"]
[EventType "swiss"]
[EventRounds "9"]
[EventCountry "FRA"]
[SourceTitle "EXT 2016"]
[Source "ChessBase"]
[SourceDate "2015.10.08"]
[SourceVersion "1"]
[SourceVersionDate "2015.10.08"]
[SourceQuality "1"]
[TimeControl "40/5400:1800+30"]
[WhiteClock "1:30:00"]
[BlackClock "1:30:00"]

1. e4 e6 2. d4 d5 3. Nc3 Bb4 4. exd5 Qxd5 (4... exd5) 5. Nf3 Nf6 6. Bd3 b6 7.
O-O Bxc3 8. bxc3 Bb7 9. c4 Qh5 {[%cal Gb7f3]} (9... Qd6 10. a4 c5 11. Re1 cxd4
12. Ba3 Qf4 13. Ne5 Nbd7 14. Bd6 Nxe5 15. Rxe5 Qh4 16. c5 O-O-O 17. h3 Rxd6 18.
cxd6 Qf4 19. Re1 a5 20. Qe2 Rd8 21. Ba6 Rxd6 22. Ra3 Rc6 23. Rg3 Nd5 24. Rxg7
Nb4 25. Bd3 Rc5 26. Bxh7 Kb8 27. Qg4 Qf6 28. Qg3+ Ka7 29. Rg8 e5 30. h4 Nxc2
31. Bxc2 Rxc2 32. Rxe5 Rc3 33. Qg5 Qc6 34. Re7 Rc5 35. Qf4 d3 36. Rxf7 Rd5 37.
Rgg7 d2 38. Rxb7+ Qxb7 39. Rxb7+ {Matlakov,M (2673)-Pridorozhni,A (2541)
Khanty-Mansiysk 2012 1/2-1/2}) 10. d5 $146 {[%csl Re8][%cal Gf1e1,Ge1e8] Une
nouveauté intéressante} (10. Be2 h6 {Rozentalis,E (2605)-Westerinen,H (2378)
Gausdal Byggern Masters 2006 (2) 1-0}) 10... O-O 11. Re1 (11. Be2 exd5 12. Ng5
$44 {[%csl Rh5]}) 11... Nbd7 12. Ba3 Rfe8 13. dxe6 fxe6 14. Nd4 {La paire de B
des Blancs compense la mauvaise structure} Qxd1 15. Raxd1 Kf7 16. Nb5 Rec8 17.
Re3 a6 18. Nd4 Re8 (18... e5 $143 19. Nf3 e4 20. Ng5+) 19. Rde1 $14 e5 20. Nf3
e4 21. Ng5+ Kg6 22. Nxe4 Bxe4 23. Bxe4+ Nxe4 24. Rxe4 Rxe4 25. Rxe4 {Les
Blancs ont gagné un P mais la mauvaise structure de l'aile-dame donne des
chances réduites de gain} Nf6 26. Rd4 Re8 27. Kf1 c5 28. Rd6 Re4 29. Rxb6 Rxc4
30. Bb2 (30. Rb2 $2 {[%csl Rb2]}) 30... Rxc2 31. Bxf6 gxf6 32. Rxa6 {Les
Blancs ont progressé en liquidant l'aile-dame mais le P passé "c" est trés
rapide} c4 33. Rc6 (33. a4 Ra2 34. a5 c3 35. Rc6 c2 36. Ke1) 33... Rxa2 34.
Rxc4 h5 35. g3 (35. h4 {[%csl Rh5]}) 35... Rb2 36. Kg2 Ra2 37. h4 Rb2 38. Rf4 (
38. Ra4 Rc2 39. Ra8) 38... Ra2 39. Re4 Rb2 40. Kf3 Ra2 41. Ke3 Rb2 42. Ra4 Rc2
43. f3 Rc1 44. Kf4 $16 Rb1 45. g4 {[%csl Gh4]} hxg4 46. fxg4 Rf1+ 47. Kg3 Rg1+
48. Kf2 (48. Kh2 Rb1) 48... Rh1 $132 49. Kg3 Rg1+ 50. Kh2 Rb1 51. Kg3 Rg1+
1/2-1/2